| 000 | 00685nam a2200217 a 4500 | ||
|---|---|---|---|
| 008 | |||
| 020 | _a0323044034 (pbk.) | ||
| 049 | _aMAIN | ||
| 090 |
_aREF RT48 _bZER |
||
| 100 | 1 | _aZerwekh, JoAnn. | |
| 245 | 1 | 0 |
_aMosby's assessment memory notecards : _bvisual, mnemonic, and memory aids for nurses / _cJoAnn Zerwekh, Tom Gaglione and CJ Miller. |
| 260 |
_aMissouri : _bMosby, _c2007. |
||
| 300 |
_aviii, 166 p. : _bcol. ill. ; _c11 cm. |
||
| 500 | _aincludes index. | ||
| 650 | _aNursing assessment. | ||
| 907 |
_a.b10334336 _b14-11-13 _c22-07-13 |
||
| 003 | |||
| 005 | 20230120191436.0 | ||
| 040 | _cNUST | ||
| 942 |
_cBOOKS _kREF RT48 _mZER |
||
| 999 |
_c101202 _d101202 |
||